Responses for Show #905 - Friday, July 8, 1988

Contestants

[<< previous game]

Dale Slone, a design engineer originally from Ogden, Utah

Pete Tremblay, a law student originally from Boston, Massachusetts

Kevin Frear, a U.S. Army captain from Baumholder, Germany (whose 4-day cash winnings total $47,200)

[next game >>]

Jeopardy! Round responses

19th CENTURY AMERICA
ACTORS & ROLES
RELIGIOUS HISTORY
FAMOUS RIDERS
GAMES
"P"s & "Q"s
    $100 13
the Library of Congress

Pete
    $100 4
Joan Collins

Kevin
    $100 1
Buddhism

Dale
    $100 21
St. Nicholas (Santa Claus)

Pete
    $100 22
[Laughter]

Monopoly

Dale
    $100 2
portable

Dale
    $200 14
steam

Kevin
    $200 9
(Alex: Yes, The Witches of Eastwick, Moonstruck, and Suspect were the three films.)

Cher

Pete
    $200 5
the Dalai Lama

Dale
    $200 27
(Pancho) Villa

Pete
    $200 23
(Kevin: What is Parcheesi?)
...
(Alex: Minute to go.)

backgammon

Kevin
Triple Stumper
    $200 3
percolate

Pete
    $300 15
Custer

Dale
    $300 10
(Alex: Yes, once again, The Witches of Eastwick, Broadcast News and Ironweed.)

Jack Nicholson

Pete
    $300 16
Vishnu

Dale
    $300 28
(Alex: Get 'em up, Scout!)
[The end-of-round signal sounds.]

Tonto

Dale
    $300 24
the Orient Express

Kevin
    $300 6
quadraphonic

Dale
    $400 18
glue

Kevin
    $400 11
John Reed

Dale
    $400 17
Pele

Pete
    $400 25
poker

Pete
    $400 7
a quandary

Kevin
    $500 19
(Pete: Uh, who is Florence Nightingale?)
...
(Alex: Florence Nightingale was England.)

Clara Barton

KevinPete
    $500 12
Burl Ives

Pete
    $500 20
(Pete: Who is Peter?)

Stephen

KevinPete
    $600 26
(3 of) Q, X, Z (J or K)

Pete
    $500 8
patrician

Kevin

Scores at the first commercial break (after clue 14):

Kevin Pete Dale
$1,200 $1,300 $1,100

Scores at the end of the Jeopardy! Round:

Kevin Pete Dale
$2,700 $2,000 $2,100

Double Jeopardy! Round responses

SHAKESPEAREAN 1st LINES
REPUBLICANS
LERNER & LOEWE
HIGHWAYS & BYWAYS
DOGS
TREES
    $200 15
Macbeth

Dale
    $200 4
Nixon

Pete
    $200 6
My Fair Lady

Dale
    $200 14
the Alamo

Pete
    $200 7
a redwood

Dale
    $400 17
(Dale: What is Hamlet?)
...
(Alex: Yes, "made glorious summer by this son of York".)

Richard III

KevinDale
    $400 1
Al Haig

Pete
    $400 10
(Alex: Right, 9.)

Gigi

Kevin
    $400 16
a shield

Kevin
    $400 8
oak

Triple Stumper
    $600 18
Hamlet

Pete
    $1,200 2
Jeane Kirkpatrick

Pete
    $600 11
(Alex: From Camelot.)

to love her

Kevin
    $600 20
the Pan-American Highway

Pete
    $600 28
[The end-of-round signal sounds.]

a Scottish Terrier

Kevin
    $600 9
birch

Kevin
    $800 19
Juliet

Dale
    $800 3
(Mark) Hatfield

Pete
    $800 12
a wife

Pete
    $800 21
Baltimore & Washington, D.C.

Kevin
    $800 27
a Russian Wolfhound

Kevin
    $2,000 24
(Dale: "The Summer Leaves", I have no idea.)
...
(Alex: Less than a minute to go, Dale.)

"Willow Weep For Me"

Dale
    $1000 23
Oberon

Dale
    $1000 5
Illinois

Kevin
    $1000 13
(Moss) Hart

Dale
    $1000 22
(Kevin: What is the Skyline Drive?)

the Blue Ridge Parkway

Kevin
Triple Stumper
    $1000 26
a Papillon

Triple Stumper
    $1000 25
dendrochronology

Triple Stumper

Scores at the end of the Double Jeopardy! Round:

Kevin Pete Dale
$7,300 $6,800 $3,100

[wagering suggestions for these scores]

Final Jeopardy! Round responses

ASIA
DaleWhat is Albania
$3,100
PeteWhat is Mongolia?
$6,800
KevinWhat is China?
$7,000
Mongolia (the Mongolian People's Republic)

Final scores:

Kevin Pete Dale
$300 $13,600 $0
2nd place: Admiral refrigerator + Ambatrak verticle blinds New champion: $13,600 3rd place: Excel rowing machine & exercise cycle

Game dynamics:

Coryat scores:

Kevin Pete Dale
$7,300 $6,100 $5,100
17 R,
2 W
18 R
(including 2 DDs),
2 W
15 R,
2 W
(including 1 DD)

Combined Coryat: $18,500

[game clues] [game scores] [suggest correction]

Game tape date: 1988-03-22
The J! Archive is created by fans, for fans. Scraping, republication, monetization, and malicious use prohibited; this site may use cookies and collect identifying information. See terms. The Jeopardy! game show and all elements thereof, including but not limited to copyright and trademark thereto, are the property of Jeopardy Productions, Inc. and are protected under law. This website is not affiliated with, sponsored by, or operated by Jeopardy Productions, Inc. Join the discussion at JBoard.tv.